书目信息 |
| 题名: |
蒲龄恩诗选
|
|
| 作者: | 区鉷 主编 | |
| 分册: | ||
| 出版信息: | 广州 中山大学出版社 2010.12 |
|
| 页数: | 304页 | |
| 开本: | 21cm | |
| 丛书名: | ||
| 单 册: | ||
| 中图分类: | I561.25 | |
| 科图分类: | ||
| 主题词: | 诗歌--shi ge--英、汉--英国--现代--作品集 | |
| 电子资源: | ||
| ISBN: | 978-7-306-03799-2 | |
| 000 | 01101nam0 2200277 450 | |
| 001 | B20110013092 | |
| 005 | 20110709134418.73 | |
| 010 | @a978-7-306-03799-2@dCNY25.00 | |
| 100 | @a20110224d2010 km y0chiy50 ea | |
| 101 | 0 | @achi@aeng |
| 102 | @aCN@b440000 | |
| 105 | @ay z 001yy | |
| 106 | @ar | |
| 200 | 1 | @a蒲龄恩诗选@Apu ling en shi xuan@d= Selected poems by J.H.prynne@f区鉷主编@zeng |
| 210 | @a广州@c中山大学出版社@d2010.12 | |
| 215 | @a304页@d21cm | |
| 320 | @a有索引 | |
| 330 | @a蒲龄恩是英国晚近现代主义诗人的领袖。综观蒲龄恩先生的诗歌,我们可以说他的诗歌以及他的诗学观点都比较明显地具有这么几个特点:(1)有意增加诗歌和诗歌语言的难度;(2)诗歌的抽象性比较强;(3)有意制造客观真实的缺失。他诗学思想中的这些特点使他的诗歌语言明显地不同于其他同时代诗人的语言,或者说他的诗歌语言透射出属于他本人的个性和新颖性。 | |
| 333 | @a供广大文学爱好者欣赏。 | |
| 510 | 1 | @aSelected poems by J.H.prynne@zeng |
| 586 | @a | |
| 606 | 0 | @a诗歌@Ashi ge@x英、汉@y英国@z现代@j作品集 |
| 690 | @aI561.25@v5 | |
| 701 | 0 | @a区鉷@Aou hong@4主编 |
| 801 | 0 | @aCN@c20110610 |
| 905 | @dI561.25@eO032@f3 | |
| 蒲龄恩诗选= Selected poems by J.H.prynne/区鉷主编.-广州:中山大学出版社,2010.12 |
| 304页;21cm |
| 使用对象:供广大文学爱好者欣赏。 |
| ISBN 978-7-306-03799-2:CNY25.00 |
| 蒲龄恩是英国晚近现代主义诗人的领袖。综观蒲龄恩先生的诗歌,我们可以说他的诗歌以及他的诗学观点都比较明显地具有这么几个特点:(1)有意增加诗歌和诗歌语言的难度;(2)诗歌的抽象性比较强;(3)有意制造客观真实的缺失。他诗学思想中的这些特点使他的诗歌语言明显地不同于其他同时代诗人的语言,或者说他的诗歌语言透射出属于他本人的个性和新颖性。 |
| ● |
| 相关链接 |
|
|
|
正题名:蒲龄恩诗选
索取号:I561.25/O032
 
预约/预借
| 序号 | 登录号 | 条形码 | 馆藏地/架位号 | 状态 | 备注 |
| 1 | 881979 | 208819796 | 文学库116/116文学库 19排4列2层/ [索取号:I561.25/O032] | 在馆 | |
| 2 | 881980 | 208819803 | 社科二线422/116文学库 19排4列2层/ [索取号:I561.25/O032] | 在馆 | |
| 3 | 881981 | 208819812 | 文学库116/116文学库 19排4列2层/ [索取号:I561.25/O032] | 在馆 |